Fire and ice / (Record no. 890)

MARC details
000 -LEADER
fixed length control field 00942nam a22003017a 4500
005 - DATE AND TIME OF LATEST TRANSACTION
control field 20230804161236.0
020 ## - INTERNATIONAL STANDARD BOOK NUMBER
International Standard Book Number 0060000031
020 ## - INTERNATIONAL STANDARD BOOK NUMBER
International Standard Book Number 0060525568 (lib. bdg.)
040 ## - CATALOGING SOURCE
Original cataloging agency DLC
Transcribing agency DLC
Modifying agency DLC
Language of cataloging eng
050 00 - LIBRARY OF CONGRESS CALL NUMBER
Classification number PZ7.H916625
Item number Fi 2003
082 00 - DEWEY DECIMAL CLASSIFICATION NUMBER
Classification number 813.6
Edition number 21
100 1# - MAIN ENTRY--PERSONAL NAME
Personal name Hunter, Erin.
245 10 - TITLE STATEMENT
Title Fire and ice /
Statement of responsibility, etc. Erin Hunter
250 ## - EDITION STATEMENT
Edition statement First Avon edition, 2004
260 ## - PUBLICATION, DISTRIBUTION, ETC.
Place of publication, distribution, etc. New York :
Name of publisher, distributor, etc. Harper Collins,
Date of publication, distribution, etc. 2004.
300 ## - PHYSICAL DESCRIPTION
Extent 317 pages ;
Other physical details map ; illustrations ;
Dimensions 20 cm
490 1# - SERIES STATEMENT
Series statement Warriors ;
Volume/sequential designation Book 2
505 ## - FORMATTED CONTENTS NOTE
Formatted contents note T <br/>
520 ## - SUMMARY, ETC.
Summary, etc. Fireheart, a full-fledged warrior cat, must confront questions of loyalty and identity as he faces the possibility of betrayal from within his own forest clan.
521 ## - TARGET AUDIENCE NOTE
Target audience note 820 <br/>
Source Lexile <br/>
521 ## - TARGET AUDIENCE NOTE
Target audience note T <br/>
Source Raz-Plus <br/>
650 #1 - SUBJECT ADDED ENTRY--TOPICAL TERM
Topical term or geographic name entry element Cats
Form subdivision Fiction.
650 #1 - SUBJECT ADDED ENTRY--TOPICAL TERM
Topical term or geographic name entry element Fantasy.
906 ## - LOCAL DATA ELEMENT F, LDF (RLIN)
a 7
b cbc
c orignew
d 1
e ecip
f 20
g y-gencatlg
942 ## - ADDED ENTRY ELEMENTS (KOHA)
Source of classification or shelving scheme Dewey Decimal Classification
Koha item type Books
Suppress in OPAC No
999 ## -
-- 890
-- 890
Holdings
Withdrawn status Lost status Source of classification or shelving scheme Damaged status Not for loan Collection Home library Current library Shelving location Date acquired Total Checkouts Full call number Barcode Date last seen Price effective from Koha item type
    Dewey Decimal Classification     Fiction Footprints International School Library Network Toul Kork Campus Footprints International School Library Network Toul Kork Campus A TK Campus, 4th Floor, Room B401, Fiction Bookcases (1-6) 07/13/2023   HUN Fic 813.6 PZ7.H916625 FISTK05136 07/13/2023 07/13/2023 Books